Los pasos contados: una vida española a caballo en dos siglos 1887 - 1957

I tiakina i:
Ngā taipitopito rārangi puna kōrero
Kaituhi matua: Corpus Barga (Author)
Hōputu: Pukapuka
Reo:Pāniora
I whakaputaina: Barcelona E.D.H.A.S.A 1963
Rangatū:Colección el Puente
Ngā marau:
Ngā Tūtohu: Tāpirihia he Tūtohu
Kāore He Tūtohu, Me noho koe te mea tuatahi ki te tūtohu i tēnei pūkete!

MARC

LEADER 00000nam a2200000 a 4500
001 UCT8512
003 CL-VaPUC
008 970326e19630000SP |||||||||||||||||spa|d
082 0 4 |a 920.5  |b COR  |2 21 
100 0 |a Corpus Barga  |e author  |9 380252 
245 1 4 |a Los pasos contados: una vida española a caballo en dos siglos 1887 - 1957 
300 |a v 
942 |c BK 
945 |d 19970326 00:00:00  |a rleighto 
260 |a Barcelona  |b E.D.H.A.S.A  |c 1963 
500 |a v.1: Mi familia. El mundo de mi infancia 
600 0 7 |a GARCIA DE LA BARGA Y GOMEZ DE LA SERNA, ANDRES  |2 CL-VaPUC  |9 317162 
650 0 |a Autobiografías   |9 265171 
583 |a last modification  |c 19970326 00:00:00  |k Rodrigo Vera 
490 0 |a Colección el Puente 
999 |c 257005  |d 257003 
952 |0 0  |1 0  |4 0  |6 920_500000000000000_COR_1963  |7 0  |8 A  |9 280210  |a BIBEDU  |b BIBEDU  |d 2019-11-19  |h v.1  |i 3296733  |o 920.5 COR 1963  |p 3296733  |r 2019-11-19  |w 2019-11-19  |y BK  |k LIT